[Event "2024 US National High School (K-12) Championship"]
[Site "Baltimore, Maryland, United States"]
[Date "2024.04.06"]
[Round "4.11"]
[White "Vanapalli, Vishnu"]
[Black "Lad, Neil"]
[Result "1-0"]
[TimeControl "G/90; d10"]
[WhiteTitle "FM"]
[WhiteFideId "30920523"]
[BlackFideId "30976154"]
[WhiteElo "2392"]
[BlackElo "1998"]

1. Nf3 {[%clk 01:29:58]} {[%emt 00:00:11]} Nf6 {[%clk 01:29:49]} {[%emt
00:00:20]} 2. c4 {[%clk 01:29:58]} {[%emt 00:00:07]} g6 {[%clk 01:29:49]}
{[%emt 00:00:07]} 3. g3 {[%clk 01:29:58]} {[%emt 00:00:07]} Bg7 {[%clk
01:29:49]} {[%emt 00:00:09]} 4. Bg2 {[%clk 01:29:58]} {[%emt 00:00:09]} O-O
{[%clk 01:29:49]} {[%emt 00:00:10]} 5. O-O {[%clk 01:29:58]} {[%emt 00:00:05]}
c6 {[%clk 01:29:30]} {[%emt 00:00:29]} 6. d4 {[%clk 01:29:58]} {[%emt
00:00:06]} d5 {[%clk 01:29:30]} {[%emt 00:00:05]} 7. a4 {[%clk 01:29:58]}
{[%emt 00:00:04]} Ne4 {[%clk 01:24:03]} {[%emt 00:05:37]} 8. Nc3 {[%clk
01:26:11]} {[%emt 00:03:57]} Bf5 {[%clk 01:12:11]} {[%emt 00:12:01]} 9. a5
{[%clk 01:22:09]} {[%emt 00:04:12]} Nxc3 {[%clk 01:06:02]} {[%emt 00:06:19]} 10.
bxc3 {[%clk 01:21:01]} {[%emt 00:01:18]} Be4 {[%clk 01:05:18]} {[%emt
00:00:54]} 11. Qb3 {[%clk 01:15:22]} {[%emt 00:05:50]} Qc8 {[%clk 00:59:41]}
{[%emt 00:05:47]} 12. Bf4 {[%clk 01:08:36]} {[%emt 00:06:55]} Nd7 {[%clk
00:53:34]} {[%emt 00:06:18]} 13. Rfc1 {[%clk 00:58:40]} {[%emt 00:10:06]} h6
{[%clk 00:43:01]} {[%emt 00:10:43]} 14. cxd5 {[%clk 00:36:59]} {[%emt
00:21:50]} Bxd5 {[%clk 00:36:15]} {[%emt 00:06:56]} 15. Qc2 {[%clk 00:31:02]}
{[%emt 00:06:08]} Nf6 {[%clk 00:31:57]} {[%emt 00:04:27]} 16. Be5 {[%clk
00:26:05]} {[%emt 00:05:07]} Be4 {[%clk 00:28:32]} {[%emt 00:03:35]} 17. Qb2
{[%clk 00:25:36]} {[%emt 00:00:40]} c5 {[%clk 00:25:33]} {[%emt 00:03:08]} 18.
Qa3 {[%clk 00:24:37]} {[%emt 00:01:09]} Nd7 {[%clk 00:24:19]} {[%emt 00:01:25]}
19. Bh3 {[%clk 00:19:21]} {[%emt 00:05:26]} Bxf3 {[%clk 00:21:15]} {[%emt
00:03:14]} 20. exf3 {[%clk 00:19:12]} {[%emt 00:00:19]} Bxe5 {[%clk 00:21:09]}
{[%emt 00:00:17]} 21. dxe5 {[%clk 00:19:12]} {[%emt 00:00:08]} e6 {[%clk
00:20:13]} {[%emt 00:01:05]} 22. f4 {[%clk 00:19:12]} {[%emt 00:00:07]} Qc7
{[%clk 00:17:52]} {[%emt 00:02:29]} 23. Bg2 {[%clk 00:18:24]} {[%emt 00:00:59]}
Rab8 {[%clk 00:15:29]} {[%emt 00:02:33]} 24. Rd1 {[%clk 00:17:09]} {[%emt
00:01:25]} c4 {[%clk 00:14:25]} {[%emt 00:01:16]} 25. Qe7 {[%clk 00:15:13]}
{[%emt 00:02:04]} Rfd8 {[%clk 00:13:46]} {[%emt 00:00:49]} 26. Rd4 {[%clk
00:14:47]} {[%emt 00:00:37]} a6 {[%clk 00:10:46]} {[%emt 00:03:10]} 27. Rad1
{[%clk 00:14:28]} {[%emt 00:00:28]} Qxa5 {[%clk 00:10:46]} {[%emt 00:00:04]} 28.
Rxd7 {[%clk 00:14:28]} {[%emt 00:00:08]} Rf8 {[%clk 00:10:46]} {[%emt
00:00:02]} 29. Rxb7 {[%clk 00:14:27]} {[%emt 00:00:11]} Rxb7 {[%clk 00:10:46]}
{[%emt 00:00:06]} 30. Qxb7 {[%clk 00:14:27]} {[%emt 00:00:06]} Qxc3 {[%clk
00:10:46]} {[%emt 00:00:04]} 31. Qxa6 {[%clk 00:14:27]} {[%emt 00:00:09]} Qc2
{[%clk 00:10:46]} {[%emt 00:00:04]} 32. Qa1 {[%clk 00:13:06]} {[%emt 00:01:30]}
Rc8 {[%clk 00:09:45]} {[%emt 00:01:11]} 33. Rc1 {[%clk 00:13:04]} {[%emt
00:00:12]} Qb3 {[%clk 00:09:21]} {[%emt 00:00:34]} 34. Qc3 {[%clk 00:13:04]}
{[%emt 00:00:08]} 1-0

[Event "2024 US National High School (K-12) Championship"]
[Site "Baltimore, Maryland, United States"]
[Date "2024.04.06"]
[Round "4.12"]
[White "Kozower, Ethan"]
[Black "Johnson, Donald"]
[Result "0-1"]
[TimeControl "G/90; d10"]
[BlackTitle "FM"]
[WhiteFideId "30947227"]
[BlackFideId "30949122"]
[WhiteElo "2101"]
[BlackElo "2287"]

1. e4 {[%emt 01:20:33]} e5 {[%clk 01:23:36]} {[%emt 00:05:09]} 2. Nf3 {[%clk
01:30:00]} {[%emt 00:00:10]} Nc6 {[%clk 01:23:36]} 3. Nc3 {[%clk 01:29:31]}
{[%emt 00:00:40]} Nf6 {[%clk 01:23:36]} {[%emt 00:00:02]} 4. h3 {[%clk
01:29:04]} {[%emt 00:00:36]} d5 {[%clk 01:22:47]} {[%emt 00:00:58]} 5. exd5
{[%clk 01:29:02]} {[%emt 00:00:13]} Nxd5 {[%clk 01:22:47]} {[%emt 00:00:03]} 6.
Bb5 {[%clk 01:29:02]} {[%emt 00:00:04]} Nxc3 {[%clk 01:21:57]} {[%emt
00:01:00]} 7. bxc3 {[%clk 01:29:02]} {[%emt 00:00:04]} Bd6 {[%clk 01:21:52]}
{[%emt 00:00:15]} 8. O-O {[%clk 01:28:15]} {[%emt 00:00:58]} O-O {[%clk
01:21:52]} {[%emt 00:00:09]} 9. d4 {[%clk 01:27:17]} {[%emt 00:01:08]} exd4
{[%clk 01:21:11]} {[%emt 00:00:51]} 10. cxd4 {[%clk 01:27:15]} {[%emt
00:00:12]} h6 {[%clk 01:21:11]} {[%emt 00:00:02]} 11. Re1 {[%clk 01:24:59]}
{[%emt 00:02:25]} Qf6 {[%clk 01:20:55]} {[%emt 00:00:25]} 12. Bb2 {[%clk
01:16:01]} {[%emt 00:09:09]} Bf5 {[%clk 01:20:53]} {[%emt 00:00:11]} 13. Rb1
{[%emt 00:09:53]} Nb4 14. d5 {[%clk 00:50:21]} {[%emt 00:16:07]} Bxc2 {[%emt
00:00:03]} 15. Bxf6 {[%clk 00:45:41]} {[%emt 00:04:47]} Bxd1 {[%clk 01:20:53]}
{[%emt 00:00:10]} 16. Rexd1 {[%clk 00:33:41]} {[%emt 00:12:10]} gxf6 {[%clk
01:20:53]} {[%emt 00:00:11]} 17. a4 {[%clk 00:32:26]} {[%emt 00:01:24]} Rad8
{[%clk 01:10:36]} {[%emt 00:10:27]} 18. Rd4 {[%emt 00:07:02]} a5 {[%clk
01:03:33]} {[%emt 00:05:51]} 19. Bc4 {[%clk 00:25:54]} {[%emt 00:01:12]} Rfe8
{[%clk 00:57:42]} {[%emt 00:06:01]} 20. g3 {[%clk 00:21:06]} {[%emt 00:04:58]}
b6 {[%clk 00:53:40]} {[%emt 00:04:12]} 21. Kg2 {[%clk 00:21:03]} {[%emt
00:00:14]} Bc5 {[%clk 00:52:52]} {[%emt 00:00:58]} 22. Rg4+ {[%clk 00:19:37]}
{[%emt 00:01:36]} Kf8 {[%clk 00:49:13]} {[%emt 00:03:49]} 23. Rd1 {[%clk
00:19:20]} {[%emt 00:00:27]} c6 {[%clk 00:47:25]} {[%emt 00:01:57]} 24. Rh4
{[%clk 00:16:13]} {[%emt 00:03:18]} Nxd5 {[%clk 00:46:16]} {[%emt 00:01:19]} 25.
Rc1 {[%clk 00:16:07]} {[%emt 00:00:15]} Nb4 {[%clk 00:41:12]} {[%emt 00:05:14]}
26. Rxh6 {[%clk 00:15:43]} {[%emt 00:00:35]} Kg7 {[%clk 00:40:29]} {[%emt
00:00:53]} 27. Rh4 {[%clk 00:15:08]} {[%emt 00:00:44]} Nd3 {[%clk 00:37:28]}
{[%emt 00:03:12]} 28. Rc2 {[%clk 00:13:11]} {[%emt 00:02:07]} f5 {[%clk
00:36:14]} {[%emt 00:01:24]} 29. Rh5 {[%clk 00:10:13]} {[%emt 00:03:09]} Kg6
{[%clk 00:33:50]} {[%emt 00:02:33]} 30. Rg5+ {[%clk 00:08:15]} {[%emt
00:02:08]} Kf6 {[%clk 00:33:50]} {[%emt 00:00:06]} 31. Rh5 {[%clk 00:08:02]}
{[%emt 00:00:24]} Kg6 {[%clk 00:32:08]} {[%emt 00:01:51]} 32. Rg5+ {[%clk
00:08:02]} {[%emt 00:00:09]} Kf6 {[%clk 00:32:03]} {[%emt 00:00:14]} 33. Rh5
{[%clk 00:08:01]} {[%emt 00:00:11]} Nb4 {[%clk 00:19:54]} {[%emt 00:12:20]} 34.
Rc1 {[%clk 00:07:36]} {[%emt 00:00:35]} Rh8 {[%clk 00:16:40]} {[%emt 00:03:24]}
35. Rxh8 {[%clk 00:06:28]} {[%emt 00:01:18]} Rxh8 {[%clk 00:16:40]} {[%emt
00:00:04]} 36. Rd1 {[%clk 00:06:28]} {[%emt 00:00:03]} Re8 {[%clk 00:15:38]}
{[%emt 00:01:12]} 37. Rd7 {[%clk 00:04:31]} {[%emt 00:02:08]} Nd5 {[%clk
00:14:07]} {[%emt 00:01:41]} 38. Bxd5 {[%clk 00:03:47]} {[%emt 00:00:53]} cxd5
{[%clk 00:14:07]} {[%emt 00:00:01]} 39. Rxd5 {[%clk 00:03:47]} {[%emt
00:00:02]} Re4 {[%clk 00:13:10]} {[%emt 00:01:08]} 40. Nh4 {[%clk 00:02:07]}
{[%emt 00:01:49]} Ke6 {[%clk 00:13:10]} {[%emt 00:00:01]} 41. Rxf5 {[%clk
00:01:22]} {[%emt 00:00:56]} Rxa4 {[%clk 00:12:27]} {[%emt 00:00:53]} 42. g4
{[%clk 00:01:13]} {[%emt 00:00:19]} Ra2 {[%clk 00:11:58]} {[%emt 00:00:39]} 43.
Kg3 {[%clk 00:00:57]} {[%emt 00:00:26]} a4 {[%clk 00:11:44]} {[%emt 00:00:24]}
44. Ng2 {[%clk 00:00:55]} {[%emt 00:00:11]} a3 {[%clk 00:10:00]} {[%emt
00:01:54]} 45. Nf4+ {[%clk 00:00:55]} {[%emt 00:00:11]} Ke7 {[%clk 00:08:35]}
{[%emt 00:01:33]} 46. Nd5+ {[%clk 00:00:39]} {[%emt 00:00:26]} Kf8 {[%clk
00:08:28]} {[%emt 00:00:14]} 47. Nf6 {[%clk 00:00:03]} {[%emt 00:00:51]} Rxf2
{[%clk 00:07:49]} {[%emt 00:00:48]} 48. Nd7+ {[%clk 00:00:03]} {[%emt
00:00:08]} Ke7 {[%clk 00:07:41]} {[%emt 00:00:17]} 49. Rxf2 {[%clk 00:00:02]}
{[%emt 00:00:11]} Bxf2+ {[%clk 00:07:41]} {[%emt 00:00:04]} 50. Kxf2 {[%clk
00:00:02]} {[%emt 00:00:01]} Kxd7 {[%clk 00:07:36]} {[%emt 00:00:15]} 51. h4
{[%clk 00:00:02]} {[%emt 00:00:01]} a2 {[%clk 00:07:36]} {[%emt 00:00:07]} 52.
h5 {[%clk 00:00:02]} {[%emt 00:00:01]} a1=Q {[%clk 00:07:36]} {[%emt 00:00:09]}
53. h6 {[%clk 00:00:02]} {[%emt 00:00:03]} Qf6+ {[%clk 00:07:36]} {[%emt
00:00:06]} 54. Ke2 {[%clk 00:00:02]} {[%emt 00:00:07]} Qxh6 {[%clk 00:07:36]}
{[%emt 00:00:05]} 0-1

[Event "2024 US National High School (K-12) Championship"]
[Site "Baltimore, Maryland, United States"]
[Date "2024.04.06"]
[Round "4.13"]
[White "Saxena, Vihaan"]
[Black "Mou, Iris"]
[Result "1/2-1/2"]
[TimeControl "G/90; d10"]
[BlackTitle "WIM"]
[WhiteFideId "30997780"]
[BlackFideId "30939836"]
[WhiteElo "2068"]
[BlackElo "2307"]

1. e4 {[%clk 01:29:47]} {[%emt 00:00:22]} c6 {[%clk 01:29:41]} {[%emt
00:00:30]} 2. d4 {[%clk 01:29:43]} {[%emt 00:00:13]} d5 {[%clk 01:29:14]}
{[%emt 00:00:39]} 3. Nc3 {[%clk 01:29:30]} {[%emt 00:00:21]} dxe4 {[%clk
01:29:14]} {[%emt 00:00:08]} 4. Nxe4 {[%clk 01:29:30]} {[%emt 00:00:04]} Nf6
{[%clk 01:29:14]} {[%emt 00:00:06]} 5. Nxf6+ {[%clk 01:29:30]} {[%emt
00:00:07]} exf6 {[%clk 01:29:14]} {[%emt 00:00:08]} 6. c3 {[%clk 01:29:30]}
{[%emt 00:00:05]} Bd6 {[%clk 01:29:14]} {[%emt 00:00:06]} 7. Bd3 {[%clk
01:29:30]} {[%emt 00:00:05]} O-O {[%clk 01:29:14]} {[%emt 00:00:07]} 8. Qc2
{[%clk 01:29:30]} {[%emt 00:00:03]} Re8+ {[%clk 01:29:14]} {[%emt 00:00:06]} 9.
Ne2 {[%clk 01:29:30]} {[%emt 00:00:04]} h5 {[%clk 01:29:14]} {[%emt 00:00:06]}
10. O-O {[%clk 01:29:30]} {[%emt 00:00:04]} h4 {[%clk 01:29:10]} {[%emt
00:00:14]} 11. h3 {[%clk 01:29:30]} {[%emt 00:00:04]} Nd7 {[%clk 01:29:10]}
{[%emt 00:00:07]} 12. Bd2 {[%clk 01:29:30]} {[%emt 00:00:06]} Nf8 {[%clk
01:28:54]} {[%emt 00:00:26]} 13. Rae1 {[%clk 01:29:30]} {[%emt 00:00:05]} Bc7
{[%clk 01:25:26]} {[%emt 00:03:41]} 14. Kh1 {[%clk 01:22:23]} {[%emt 00:07:15]}
Be6 {[%clk 01:15:39]} {[%emt 00:09:59]} 15. a3 {[%clk 01:09:59]} {[%emt
00:12:33]} b5 {[%clk 01:07:10]} {[%emt 00:08:40]} 16. Bf4 {[%clk 00:56:52]}
{[%emt 00:13:15]} Bd5 {[%clk 01:03:27]} {[%emt 00:03:54]} 17. Bxc7 {[%clk
00:55:00]} {[%emt 00:02:01]} Qxc7 {[%clk 01:03:27]} {[%emt 00:00:06]} 18. b3
{[%clk 00:52:45]} {[%emt 00:02:24]} Be6 {[%clk 00:54:30]} {[%emt 00:09:09]} 19.
Ng1 {[%clk 00:48:00]} {[%emt 00:04:54]} Qd6 {[%clk 00:52:28]} {[%emt 00:02:13]}
20. Qb2 {[%clk 00:45:18]} {[%emt 00:02:51]} Ng6 {[%clk 00:39:49]} {[%emt
00:12:50]} 21. Bxg6 {[%clk 00:39:00]} {[%emt 00:06:27]} fxg6 {[%clk 00:39:49]}
{[%emt 00:00:06]} 22. Nf3 {[%clk 00:37:30]} {[%emt 00:01:40]} Qd5 {[%emt
00:07:03]} 23. Re3 {[%clk 00:33:40]} {[%emt 00:03:50]} g5 {[%clk 00:29:15]}
{[%emt 00:04:01]} 24. Rfe1 {[%clk 00:32:22]} {[%emt 00:01:27]} Kf7 {[%clk
00:28:14]} {[%emt 00:01:11]} 25. c4 {[%clk 00:28:38]} {[%emt 00:03:54]} Qd6
{[%clk 00:22:20]} {[%emt 00:06:05]} 26. cxb5 {[%clk 00:25:29]} {[%emt
00:03:19]} cxb5 {[%clk 00:21:53]} {[%emt 00:00:36]} 27. Qe2 {[%clk 00:24:54]}
{[%emt 00:00:45]} Rab8 {[%clk 00:15:16]} {[%emt 00:06:48]} 28. Nxg5+ {[%clk
00:17:47]} {[%emt 00:07:16]} fxg5 {[%clk 00:15:12]} {[%emt 00:00:15]} 29. Qh5+
{[%clk 00:17:29]} {[%emt 00:00:27]} g6 {[%clk 00:08:06]} {[%emt 00:07:16]} 30.
Qh7+ {[%clk 00:15:12]} {[%emt 00:02:27]} Kf6 {[%clk 00:08:06]} {[%emt
00:00:09]} 31. Rf3+ {[%clk 00:14:59]} {[%emt 00:00:22]} Bf5 {[%clk 00:08:06]}
{[%emt 00:00:06]} 32. Rxf5+ {[%clk 00:14:49]} {[%emt 00:00:20]} gxf5 {[%clk
00:08:06]} {[%emt 00:00:09]} 33. Qh6+ {[%clk 00:14:39]} {[%emt 00:00:19]} Kf7
{[%clk 00:08:06]} {[%emt 00:00:06]} 34. Qh7+ {[%clk 00:01:32]} {[%emt
00:13:15]} Kf8 {[%clk 00:08:04]} {[%emt 00:00:14]} 35. Qh8+ {[%clk 00:01:32]}
{[%emt 00:00:04]} Kf7 {[%clk 00:08:04]} {[%emt 00:00:05]} 1/2-1/2

[Event "2024 US National High School (K-12) Championship"]
[Site "Baltimore, Maryland, United States"]
[Date "2024.04.06"]
[Round "4.14"]
[White "Tang, Vincent"]
[Black "Cruz, Jean Marco"]
[Result "0-1"]
[TimeControl "G/90; d10"]
[BlackTitle "FM"]
[WhiteFideId "30954339"]
[BlackFideId "3526402"]
[WhiteElo "2066"]
[BlackElo "2272"]

1. d4 {[%clk 01:28:19]} {[%emt 00:01:50]} Nf6 {[%clk 01:29:05]} {[%emt
00:01:06]} 2. c4 {[%clk 01:28:14]} {[%emt 00:00:14]} g6 {[%clk 01:29:05]}
{[%emt 00:00:06]} 3. Nc3 {[%clk 01:28:14]} {[%emt 00:00:09]} Bg7 {[%clk
01:29:05]} {[%emt 00:00:05]} 4. e4 {[%clk 01:28:14]} {[%emt 00:00:07]} d6
{[%clk 01:29:05]} {[%emt 00:00:03]} 5. f4 {[%clk 01:28:14]} {[%emt 00:00:03]}
O-O {[%clk 01:28:47]} {[%emt 00:00:27]} 6. Nf3 {[%clk 01:28:14]} {[%emt
00:00:03]} c5 {[%clk 01:28:47]} {[%emt 00:00:06]} 7. dxc5 {[%clk 01:28:11]}
{[%emt 00:00:13]} Qa5 {[%clk 01:28:16]} {[%emt 00:00:41]} 8. Bd3 {[%clk
01:28:11]} {[%emt 00:00:06]} Qxc5 {[%clk 01:24:36]} {[%emt 00:03:50]} 9. Qe2
{[%clk 01:28:11]} {[%emt 00:00:06]} Nc6 {[%clk 01:24:30]} {[%emt 00:00:15]} 10.
Be3 {[%clk 01:28:11]} {[%emt 00:00:05]} Qa5 {[%clk 01:24:30]} {[%emt 00:00:04]}
11. O-O {[%clk 01:22:32]} {[%emt 00:05:49]} Bg4 {[%clk 00:58:14]} {[%emt
00:26:26]} 12. Rac1 {[%clk 01:06:48]} {[%emt 00:15:54]} Rac8 {[%clk 00:54:38]}
{[%emt 00:03:47]} 13. a3 {[%clk 00:56:23]} {[%emt 00:10:34]} Nd7 {[%clk
00:52:14]} {[%emt 00:02:34]} 14. Nb5 {[%clk 00:48:24]} {[%emt 00:08:09]} a6
{[%clk 00:33:07]} {[%emt 00:19:17]} 15. b4 {[%clk 00:47:13]} {[%emt 00:01:21]}
Qd8 {[%clk 00:33:07]} {[%emt 00:00:04]} 16. Nc3 {[%clk 00:47:11]} {[%emt
00:00:12]} Bxf3 {[%clk 00:32:59]} {[%emt 00:00:19]} 17. gxf3 {[%clk 00:45:06]}
{[%emt 00:02:16]} a5 {[%clk 00:30:49]} {[%emt 00:02:19]} 18. b5 {[%clk
00:37:56]} {[%emt 00:07:20]} Nd4 {[%clk 00:30:43]} {[%emt 00:00:16]} 19. Qf2
{[%clk 00:36:31]} {[%emt 00:01:35]} Nb3 {[%clk 00:29:41]} {[%emt 00:01:12]} 20.
Rc2 {[%clk 00:36:31]} {[%emt 00:00:05]} Nbc5 {[%clk 00:29:41]} {[%emt
00:00:04]} 21. Be2 {[%clk 00:36:26]} {[%emt 00:00:15]} f5 {[%clk 00:29:37]}
{[%emt 00:00:15]} 22. Qg2 {[%clk 00:27:59]} {[%emt 00:08:36]} e6 {[%clk
00:25:01]} {[%emt 00:04:47]} 23. Kh1 {[%clk 00:20:40]} {[%emt 00:07:28]} Qe7
{[%clk 00:21:50]} {[%emt 00:03:22]} 24. Nd1 {[%clk 00:15:45]} {[%emt 00:05:04]}
Nf6 {[%clk 00:20:46]} {[%emt 00:01:15]} 25. Nc3 {[%emt 00:01:36]} Nh5 {[%clk
00:20:22]} {[%emt 00:00:30]} 26. Qg5 {[%clk 00:09:14]} {[%emt 00:05:19]} Qxg5
{[%clk 00:15:28]} {[%emt 00:05:04]} 27. fxg5 {[%clk 00:09:14]} {[%emt
00:00:04]} Bxc3 {[%clk 00:15:28]} {[%emt 00:00:09]} 28. Bxc5 {[%clk 00:02:32]}
{[%emt 00:06:52]} Rxc5 {[%clk 00:15:28]} {[%emt 00:00:08]} 29. Rxc3 {[%clk
00:02:32]} {[%emt 00:00:01]} Nf4 {[%clk 00:15:09]} {[%emt 00:00:29]} 30. Bd3
{[%clk 00:01:55]} {[%emt 00:00:46]} fxe4 {[%clk 00:13:32]} {[%emt 00:01:47]} 31.
Bxe4 {[%clk 00:01:55]} {[%emt 00:00:08]} d5 {[%clk 00:13:32]} {[%emt 00:00:06]}
32. Bb1 {[%clk 00:01:17]} {[%emt 00:00:47]} Rfc8 {[%clk 00:13:25]} {[%emt
00:00:17]} 33. Rd1 {[%clk 00:00:30]} {[%emt 00:00:57]} Rxc4 {[%clk 00:13:09]}
{[%emt 00:00:27]} 34. Rxc4 {[%clk 00:00:30]} {[%emt 00:00:03]} Rxc4 {[%clk
00:13:09]} {[%emt 00:00:07]} 0-1

[Event "2024 US National High School (K-12) Championship"]
[Site "Baltimore, Maryland, United States"]
[Date "2024.04.06"]
[Round "4.15"]
[White "Baim, Elvin"]
[Black "Lee, Jayden H"]
[Result "0-1"]
[TimeControl "G/90; d10"]
[WhiteFideId "13423550"]
[BlackFideId "30939011"]
[WhiteElo "1969"]
[BlackElo "2249"]

1. d4 {[%clk 01:29:58]} {[%emt 00:00:11]} Nf6 {[%clk 01:30:00]} {[%emt
00:00:09]} 2. Nc3 {[%clk 01:29:58]} {[%emt 00:00:07]} c5 {[%clk 01:29:52]}
{[%emt 00:00:19]} 3. Nf3 {[%clk 01:29:01]} {[%emt 00:01:06]} cxd4 {[%clk
01:29:48]} {[%emt 00:00:14]} 4. Nxd4 {[%clk 01:29:01]} d6 {[%clk 01:29:12]}
{[%emt 00:00:47]} 5. e4 {[%clk 01:24:38]} {[%emt 00:04:33]} a6 {[%clk
01:29:07]} {[%emt 00:00:15]} 6. Bc4 {[%clk 01:22:43]} {[%emt 00:02:04]} e6
{[%clk 01:28:41]} {[%emt 00:00:36]} 7. f3 {[%clk 01:18:18]} {[%emt 00:04:37]}
Be7 {[%clk 01:28:18]} {[%emt 00:00:31]} 8. Be3 {[%clk 01:15:52]} {[%emt
00:02:36]} O-O {[%clk 01:28:06]} {[%emt 00:00:21]} 9. Qd2 {[%clk 01:12:02]}
{[%emt 00:04:00]} Bd7 {[%clk 01:27:11]} {[%emt 00:01:05]} 10. O-O {[%clk
01:09:07]} {[%emt 00:03:06]} b5 {[%clk 01:26:45]} {[%emt 00:00:36]} 11. Bd3
{[%clk 01:01:43]} {[%emt 00:07:32]} Nc6 {[%clk 01:26:10]} {[%emt 00:00:47]} 12.
a4 {[%clk 00:55:54]} {[%emt 00:05:59]} b4 {[%clk 01:19:32]} {[%emt 00:06:47]}
13. Nxc6 {[%clk 00:53:02]} {[%emt 00:03:02]} Bxc6 {[%clk 01:19:29]} {[%emt
00:00:13]} 14. Ne2 {[%clk 00:52:56]} {[%emt 00:00:17]} Qb8 {[%clk 01:13:26]}
{[%emt 00:06:13]} 15. Nd4 {[%clk 00:46:15]} {[%emt 00:06:50]} Bd7 {[%clk
01:13:26]} {[%emt 00:00:11]} 16. c3 {[%clk 00:35:54]} {[%emt 00:10:32]} d5
{[%clk 01:11:38]} {[%emt 00:01:58]} 17. e5 {[%clk 00:34:16]} {[%emt 00:01:48]}
Ne8 {[%clk 01:03:50]} {[%emt 00:07:58]} 18. f4 {[%clk 00:30:06]} {[%emt
00:04:19]} g6 {[%clk 01:00:39]} {[%emt 00:03:21]} 19. Kh1 {[%clk 00:26:57]}
{[%emt 00:03:19]} Ng7 {[%clk 00:59:31]} {[%emt 00:01:18]} 20. c4 {[%clk
00:24:13]} {[%emt 00:02:54]} dxc4 {[%clk 00:54:23]} {[%emt 00:05:18]} 21. Be4
{[%clk 00:23:17]} {[%emt 00:01:06]} Ra7 {[%clk 00:42:51]} {[%emt 00:11:41]} 22.
Nc6 {[%clk 00:22:39]} {[%emt 00:00:48]} Bxc6 {[%clk 00:42:50]} {[%emt
00:00:11]} 23. Bxa7 {[%clk 00:22:35]} {[%emt 00:00:14]} Qxa7 {[%clk 00:42:46]}
{[%emt 00:00:14]} 24. Bxc6 {[%clk 00:22:35]} {[%emt 00:00:02]} Nf5 {[%clk
00:42:11]} {[%emt 00:00:45]} 25. Qe2 {[%clk 00:13:21]} {[%emt 00:09:23]} Ne3
{[%clk 00:36:17]} {[%emt 00:06:05]} 26. Rf3 {[%clk 00:08:46]} {[%emt 00:04:45]}
Bc5 {[%clk 00:36:17]} {[%emt 00:00:04]} 27. Rxe3 {[%clk 00:04:04]} {[%emt
00:04:53]} Bxe3 {[%clk 00:36:17]} {[%emt 00:00:05]} 28. Qxc4 {[%clk 00:04:04]}
{[%emt 00:00:08]} Rd8 {[%clk 00:36:00]} {[%emt 00:00:27]} 29. Qxb4 {[%clk
00:03:16]} {[%emt 00:00:58]} Rd4 {[%clk 00:36:00]} {[%emt 00:00:02]} 30. Qa5
{[%clk 00:02:55]} {[%emt 00:00:31]} Rxf4 {[%clk 00:35:42]} {[%emt 00:00:27]} 31.
g3 {[%clk 00:02:53]} {[%emt 00:00:13]} Rf2 {[%clk 00:35:34]} {[%emt 00:00:18]}
32. Rd1 {[%clk 00:02:40]} {[%emt 00:00:24]} Kg7 {[%clk 00:33:46]} {[%emt
00:01:58]} 33. b3 {[%clk 00:01:31]} {[%emt 00:01:19]} Bb6 {[%clk 00:31:50]}
{[%emt 00:02:05]} 34. Qb4 {[%clk 00:01:23]} {[%emt 00:00:18]} Bc5 {[%clk
00:30:42]} {[%emt 00:01:19]} 35. Qc4 {[%clk 00:00:45]} {[%emt 00:00:49]} Qb6
{[%clk 00:29:55]} {[%emt 00:00:56]} 36. Bg2 {[%clk 00:00:43]} {[%emt 00:00:12]}
a5 {[%clk 00:28:59]} {[%emt 00:01:06]} 37. g4 {[%clk 00:00:40]} {[%emt
00:00:13]} Bb4 {[%clk 00:28:31]} {[%emt 00:00:37]} 38. g5 {[%clk 00:00:40]}
{[%emt 00:00:10]} Qe3 {[%clk 00:27:25]} {[%emt 00:01:16]} 39. Qh4 {[%clk
00:00:32]} {[%emt 00:00:18]} Rd2 {[%clk 00:27:14]} {[%emt 00:00:21]} 40. Rf1
{[%clk 00:00:20]} {[%emt 00:00:24]} Qxe5 {[%clk 00:27:00]} {[%emt 00:00:23]} 41.
Qh6+ {[%clk 00:00:20]} {[%emt 00:00:05]} Kg8 {[%clk 00:27:00]} {[%emt
00:00:04]} 42. Rc1 {[%clk 00:00:20]} {[%emt 00:00:05]} Bf8 {[%clk 00:26:39]}
{[%emt 00:00:31]} 43. Qh4 {[%clk 00:00:20]} {[%emt 00:00:04]} Rxg2 {[%clk
00:26:39]} {[%emt 00:00:10]} 44. Kxg2 {[%clk 00:00:20]} {[%emt 00:00:05]} Qb2+
{[%clk 00:26:39]} 0-1